00364nam a2200121 4500999001500000020001800015100001300033245003700046260004300083300000900126942000700135952010000142 c4723d4723 a9788121903455 aH.K.Dass aAdvanced Engineering Mathematics aNew DelhibS.Chand & Company Ltdc2010 a1358 cBK 0010708NFICaMLCampusbMLCampuscGENd2019-04-04l0o510 DASp007382r2022-11-17 00:00:00yBK